Online
Catalog

Correo del Orinoco : (Record no. 1327)

MARC details
000 -CABECERA
campo de control de longitud fija 00609cam a2200181 a 4500
001 - NÚMERO DE CONTROL
campo de control 000001406
005 - FECHA Y HORA DE LA ÚLTIMA TRANSACCIÓN
campo de control 20200929145553.0
008 - DATOS DE LONGITUD FIJA--INFORMACIÓN GENERAL
campo de control de longitud fija 820225s1998 ck 001 0 spa
020 ## - NÚMERO INTERNACIONAL ESTÁNDAR DEL LIBRO
Número Internacional Estándar del Libro 9589480292
040 ## - FUENTE DE LA CATALOGACIÓN
Centro catalogador/agencia de origen DO-SdBNP
Lengua de catalogación spa
Centro/agencia modificador BNPHU
082 ## - NÚMERO DE LA CLASIFICACIÓN DECIMAL DEWEY
Número de clasificación BN
Número de documento/Ítem C824O
245 00 - MENCIÓN DE TÍTULO
Título Correo del Orinoco :
Resto del título angostura (Venezuela), 1818-1821.
250 ## - MENCIÓN DE EDICIÓN
Mención de edición ed. facs.
260 ## - PUBLICACIÓN, DISTRIBUCIÓN, ETC.
Lugar de publicación, distribución, etc. Bogotá, (Venezuela) :
Nombre del editor, distribuidor, etc. Gerardo Rivas Moreno,
Fecha de publicación, distribución, etc. 1998.
300 ## - DESCRIPCIÓN FÍSICA
Extensión xvi, 553 p. ;
Dimensiones 35 cm. ,.
651 #0 - PUNTO DE ACCESO ADICIONAL DE MATERIA--NOMBRE GEOGRÁFICO
Nombre geográfico Venezuela
Subdivisión general History
Subdivisión cronológica War of Independence, 1810-1823
Subdivisión general Sources.
9 (RLIN) 4705
651 #0 - PUNTO DE ACCESO ADICIONAL DE MATERIA--NOMBRE GEOGRÁFICO
Nombre geográfico Venezuela
Subdivisión general Politics And Government
Subdivisión de forma Periodicals.
9 (RLIN) 4706
Holdings
Estado de retiro Estado de pérdida Restricciones de uso No para préstamo Código de colección Localización permanente Ubicación/localización actual Ubicación en estantería Fecha de adquisición Número de inventario Total de préstamos Signatura topográfica completa Código de barras Fecha visto por última vez Precio válido a partir de Tipo de ítem Koha
    Préstamo interno   Monografías: Libros y Folletos General General Depósito 22.09.2009 LF1   BN C824O 1406-10 25.06.2020 25.06.2020 Préstamo interno

Powered by Koha